000 00390nam a2200157Ia 4500
008 230524s9999 xx 000 0 und d
082 _a174.4
_bGOP
100 _aP.Gopalakrishnan
245 0 _aMaterials Management: An Integrated Approach
250 _aIST
260 _aNEW DELHI
_bPHI
_c2009
300 _aX;276
500 _aQuantity Number: 2
650 _aManagement
942 _cBK
999 _c45164
_d45164